|
|
|
|
| LEADER |
01710nam a2200433 a 4500 |
| 001 |
nkc20102108084 |
| 003 |
CZ PrNK |
| 005 |
20110930112703.0 |
| 007 |
ta |
| 008 |
100525s2010 xr g 000 j eng |
| 015 |
|
|
|a cnb002108084
|
| 020 |
|
|
|a 978-80-7407-073-0
|q (brož.)
|z 978-80-7407-073-7
|
| 035 |
|
|
|a (OCoLC)664091541
|
| 040 |
|
|
|a OLA001
|b cze
|d ABA001
|
| 041 |
1 |
|
|a eng
|a cze
|h cze
|
| 072 |
|
7 |
|a 821.162.3-3
|x Česká próza
|2 Konspekt
|9 25
|
| 080 |
|
|
|a 821.162.3-32
|2 MRF
|
| 080 |
|
|
|a (0:82-32)
|2 MRF
|
| 080 |
|
|
|a (0.027)=030
|2 MRF
|
| 100 |
1 |
|
|a Viewegh, Michal,
|d 1962-
|7 jn19990010021
|4 aut
|
| 245 |
1 |
0 |
|a What's so special about Christmas, anyway? =
|b Něco na těch Vánocích být musí /
|c Michal Viewegh ; [do americké angličtiny přeložil Craig Cravens]
|
| 246 |
3 |
1 |
|a Něco na těch Vánocích být musí
|
| 250 |
|
|
|a Vyd. v dvojjazyčné verzi 1.
|
| 260 |
|
|
|a Praha :
|b Garamond,
|c 2010
|
| 300 |
|
|
|a 117 s. ;
|c 18 cm
|
| 490 |
1 |
|
|a Unabridged with commentary =
|a Nezkrácený text s komentářem
|
| 505 |
0 |
0 |
|t Fornication =
|t Smilstvo --
|t Mystery =
|t Záhada --
|t What's so special about Christmas, anyway? =
|t Něco na těch Vánocích být musí
|
| 546 |
|
|
|a Souběžný český text
|
| 655 |
|
7 |
|a české povídky
|7 fd133971
|2 czenas
|
| 655 |
|
7 |
|a dvojjazyčná vydání
|7 fd194533
|2 czenas
|
| 655 |
|
9 |
|a Czech short stories
|2 eczenas
|
| 655 |
|
9 |
|a bilingual editions
|2 eczenas
|
| 700 |
1 |
|
|a Cravens, Craig Stephen,
|d 1965-
|7 jn20021205010
|4 trl
|
| 830 |
|
0 |
|a Unabridged with commentary
|0 s
|
| 910 |
2 |
|
|a BOA001
|b 1-1241.735
|
| 990 |
|
|
|a BK
|
| 995 |
|
|
|a 01
|
| 991 |
|
|
|b 201007
|
| 996 |
6 |
|
|b 2610439032
|c 1-1241.735
|l MZK
|r Sklad / do 1 hodiny
|n 4
|p p.v.
|w 001126182
|u 000010
|a 1
|e BOA001
|j MZK50
|s P
|